| 000 | 00791nam a2200253Ia 4500 | ||
|---|---|---|---|
| 003 | OSt | ||
| 005 | 20230901102240.0 | ||
| 008 | 210716s2010 xx 000 0 und d | ||
| 020 | _a9788126515714 | ||
| 040 | _cAIMIT LIBRARY | ||
| 041 | _aeng | ||
| 082 |
_a005.44 _24 _bMATN |
||
| 100 |
_aMatthew, Neil. _9131912 |
||
| 245 |
_aBeginning linux programming / _cby Neil Mathew and Richard Stones. |
||
| 250 | _a4th ed. | ||
| 260 |
_aNew Delhi : _bWiley India Pvt Ltd , _c2010. |
||
| 300 |
_axxx,780 p.; _bPB _c24.5 cm. |
||
| 650 |
_aShell programming _9131913 |
||
| 650 |
_aData management _9131914 |
||
| 650 |
_aSemaphores shared memory and message queues _9131915 |
||
| 650 |
_aStandards for linux _9131916 |
||
| 700 |
_aStones, Richard. _9131917 |
||
| 942 |
_2ddc _cBK _e4th _k005.44 MATN |
||
| 999 |
_c190561 _d190561 |
||